000 00580nam a2200241Ia 4500
003 OSt
005 20220924152307.0
006 a|||||r|||| 00| 0
007 ta
008 220923b |||||||| |||| 00| 0 mar d
020 _c5.00
024 _a341837
037 _cTextual
040 _aARTS
_cARTS
_bmar
041 _2mar
_amar
082 _aO155,3N33,3, K7
100 _aKarnik
_9226337
245 0 _aDevaki
260 _c1967
650 _aMARATHI LITERATURE
_938000
942 _hO155,3N33,3, K7
_cTEXL
_2CC
999 _c469378
_d469378